Catalog

Record Details

Catalog Search



Abraham Lincoln  Cover Image Book Book

Abraham Lincoln / text: Albin Quéru, Romain Jubert ; translation: Catherine Nolan ; illustrations: Bruno Wennagel, Mathieu Ferret.

Quéru, Albin, (author.). Jubert, Romain, (author.). Nolan, Catherine (Translator), (translator.). Wennagel, Bruno, (illustrator.). Ferret, Mathieu, (illustrator.).

Summary:

"Abraham Lincoln, an American politician and lawyer, is best known for serving as the 16th president of the United States and leading the country through the bloody and controversial Civil War. Some of his most celebrated and lasting contributions include the Emancipation Proclamation of 1863 and pushing the Thirteenth Amendment to the United States Constitution through Congress, permanently outlawing slavery, before his assassination in 1865"--Provided by publisher.

Record details

  • ISBN: 9781250166111
  • ISBN: 125016611X
  • Physical Description: 1 volume (unpaged) : color illustrations ; 15 x 18 cm.
  • Edition: First U.S. edition.
  • Publisher: New York : Roaring Brook Press, 2018.

Content descriptions

General Note:
"First published in France in 2016 by Quelle Histoire, Paris." -- Title page verso.
Subject: Lincoln, Abraham, 1809-1865 > Juvenile literature.
Presidents > United States > Biography > Juvenile literature.

Available copies

  • 1 of 1 copy available at scottsboropl.

Holds

  • 0 current holds with 1 total copy.
Show Only Available Copies
Location Call Number / Copy Notes Barcode Shelving Location Status Due Date
scottsboropl E 973.7092 Que 32269001094310 Juvenile - Easy NonFiction Available -

LDR 02179cam a2200433Ii 4500
001149532
003CONS
00520190206074504.0
008180716t20182016nyua j 000 0beng d
010 . ‡a 2017957496
020 . ‡a9781250166111 ‡q(hardback)
020 . ‡a125016611X ‡q(hardback)
035 . ‡a(CPomAG)LMN609932
0411 . ‡aeng ‡hfre
043 . ‡an-us---
050 4. ‡aE457.905 ‡b.Q4713 2018
08204. ‡a973.7092 ‡aB ‡223
1001 . ‡aQuéru, Albin, ‡eauthor.
24510. ‡aAbraham Lincoln / ‡ctext: Albin Quéru, Romain Jubert ; translation: Catherine Nolan ; illustrations: Bruno Wennagel, Mathieu Ferret.
250 . ‡aFirst U.S. edition.
264 1. ‡aNew York : ‡bRoaring Brook Press, ‡c2018.
300 . ‡a1 volume (unpaged) : ‡bcolor illustrations ; ‡c15 x 18 cm.
336 . ‡atext ‡2rdacontent
336 . ‡astill image ‡bsti ‡2rdacontent
337 . ‡aunmediated ‡2rdamedia
338 . ‡avolume ‡2rdacarrier
4901 . ‡aPocket bios
500 . ‡a"First published in France in 2016 by Quelle Histoire, Paris." -- Title page verso.
520 . ‡a"Abraham Lincoln, an American politician and lawyer, is best known for serving as the 16th president of the United States and leading the country through the bloody and controversial Civil War. Some of his most celebrated and lasting contributions include the Emancipation Proclamation of 1863 and pushing the Thirteenth Amendment to the United States Constitution through Congress, permanently outlawing slavery, before his assassination in 1865"--Provided by publisher.
60010. ‡aLincoln, Abraham, ‡d1809-1865 ‡vJuvenile literature.
650 0. ‡aPresidents ‡zUnited States ‡vBiography ‡vJuvenile literature.
7001 . ‡aJubert, Romain, ‡eauthor.
7001 . ‡aNolan, Catherine ‡c(Translator), ‡etranslator.
7001 . ‡aWennagel, Bruno, ‡eillustrator.
7001 . ‡aFerret, Mathieu, ‡eillustrator.
914 . ‡aSCP_LP
830 0. ‡aPocket bios.
959 . ‡i32269001094310 ‡lJ 973.7092 Que ‡aJuvenile - NonFiction ‡tJuv Nonfiction ‡g15.00
852 . ‡p32269001094310 ‡jJ 973.7092 Que ‡gJuvenile - NonFiction ‡cJuv Nonfiction ‡y15.00 ‡bSBPL
901 . ‡a149532 ‡bUnknown ‡c149532 ‡tbiblio

Additional Resources